00722nam a2200157 a 4500001001000000003000900010005001700019007000300036008004100039040002500080082001500105100005200120245030000172260007200472300002000544000030548DO-SdBNP20240229073937.0ta110523s1946 dr 000 | spa d aDO-SdBNPbspacBNPHU axxxbT866d1 aTrujillo Molina, Rafael Leónidas,d 1891-196110aDiscurso pronunciado por su excelencia el Dr. Rafael L. Trujillo Molina, presidente de la República Dominicana, al recibir el homenaje de adhesión y gratitud que le rindieron los estudiantes de la Universidad de Santo Domingo en el Palacio Nacional, la tarde del día 13 de marzo de 1946. / aCiudad Trujillo, República Dominicana :bEditora Montalvo,c1946. a13 p. :c23 cm.